<?xml version="1.0" encoding="UTF-8"?>
<marc:record xmlns:marc="http://www.loc.gov/MARC21/slim">
   <marc:leader>00000nam a2200000 a 4500</marc:leader>
   <marc:datafield ind1="1" ind2=" " tag="100">
      <marc:subfield code="a">Audrain, Ashley</marc:subfield>
      <marc:subfield code="4">aut</marc:subfield>
      <marc:subfield code="e">Verfasser/-in</marc:subfield>
   </marc:datafield>
   <marc:datafield ind1="1" ind2=" " tag="100">
      <marc:subfield code="a">Rüegger, Lotta</marc:subfield>
   </marc:datafield>
   <marc:datafield ind1="1" ind2=" " tag="100">
      <marc:subfield code="a">Wolandt, Holger</marc:subfield>
   </marc:datafield>
   <marc:datafield ind1="0" ind2="0" tag="245">
      <marc:subfield code="a">Das Geflüster</marc:subfield>
   </marc:datafield>
   <marc:datafield ind1="0" ind2="0" tag="245">
      <marc:subfield code="b">niemand hat es gesehen, doch alle haben etwas gehört : Roman</marc:subfield>
   </marc:datafield>
   <marc:datafield ind1="0" ind2="0" tag="245">
      <marc:subfield code="c">Ashley Audrain ; aus dem Englischen von Lotta Rüegger und Holger Wolandt</marc:subfield>
   </marc:datafield>
   <marc:datafield ind1=" " ind2="1" tag="264">
      <marc:subfield code="a">München</marc:subfield>
      <marc:subfield code="b">Penguin Verlag</marc:subfield>
      <marc:subfield code="c">2024</marc:subfield>
   </marc:datafield>
   <marc:datafield ind1="1" ind2=" " tag="520">
      <marc:subfield code="a">Quelle: bn.bibliotheksnachrichten (http://www.biblio.at/literatur/bn/index.html); &lt;br/&gt;Autor: Edith Ratzberger; &lt;br/&gt;Das Getuschel in einer perfekten Nachbarschaft ist so laut, dass man es kaum mehr überhören kann. (DR)&lt;br/&gt;In der Harlow Street scheint das Leben perfekt zu sein, bis ein dramatischer Vorfall die Fassade bröckeln lässt. Während einer Gartenparty verliert Whitney die Fassung, als ihr Sohn Xavier nicht gehorcht. Wenige Monate später stürzt der Neunjährige aus dem Fenster seines Kinderzimmers. Das Getuschel in der Nachbarschaft beginnt und während Xavier im Krankenhaus zwischen Leben und Tod schwebt, konfrontieren sich die Nachbarn mit ihren eigenen Problemen.&lt;br/&gt;»Das Geflüster« von Ashley Audrain entführt die Leser*innen in eine Vorstadtidylle, die nur oberflächlich harmonisch ist. Die Autorin beleuchtet gekonnt die verdeckten Abgründe ihrer Protagonistinnen: Whitney, die vermeintlich perfekte Mutter, die durch ihre Überforderung und den Unfall ihres Sohnes zum Zentrum des Dramas wird. Blair, die glaubt, ihren Mann zu verlieren, sowie Rebecca, die verzweifelt versucht, ein Kind zu bekommen.&lt;br/&gt;Audrains Schreibstil ist fesselnd, auch wenn er manchmal in klischeehafte Darstellungen abgleitet. Die Charaktere sind stark gezeichnet. Hier kommen nicht nur die zentralen Protagonisten zu Wort, sondern auch zahlreiche Nebencharaktere. So kann man auch durch ihre Augen die Nachbarschaft betrachten. »Das Geflüster« ist ein spannender und unterhaltsamer Roman, der die Wahrheiten hinter dem Lügengebilde einer perfekten Nachbarschaft gekonnt aufzeigt.</marc:subfield>
   </marc:datafield>
   <marc:datafield ind1=" " ind2=" " tag="020">
      <marc:subfield code="a">9783328601821</marc:subfield>
      <marc:subfield code="9">9783328601821</marc:subfield>
   </marc:datafield>
   <marc:datafield ind1=" " ind2=" " tag="041">
      <marc:subfield code="a">ger</marc:subfield>
   </marc:datafield>
   <marc:datafield ind1="1" ind2=" " tag="521">
      <marc:subfield code="a">0</marc:subfield>
   </marc:datafield>
   <marc:datafield ind1=" " ind2=" " tag="300">
      <marc:subfield code="a">349 Seiten</marc:subfield>
   </marc:datafield>
</marc:record>
